000
00231nam a22000857a 4500
008
160718b xxu||||| |||| 00| 0 eng d
100
_9
3025
_a
Berling, E.M
245
_a
Art in Confectionery and Pastry
260
_a
New York
_b
Berling
_c
1930
999
_c
2588
_d
2588